000 00457nam a2200157Ia 4500
999 _c19477
_d19477
003 OSt
005 20200708113510.0
008 190216s9999||||xx |||||||||||||| ||und||
040 _coclc
082 _a901.9
_bTOY/S
100 _aToynbee, Arnold J
_93658
245 0 _aA Study Of History /
_cArnold J Toynbee
260 _bOxford University Press,
_c1957.
_aNew York:
300 _a414p
942 _cBK
_2ddc
_h901.9
_iTOY/S
_k901.9
_mTOY/S